header

Establishing security and stability in the wider Black Sea area (Record no. 115607)

MARC details
000 -LEADER
fixed length control field 01805nam a2200361 a 4500
245 10 - TITLE STATEMENT
Title Establishing security and stability in the wider Black Sea area
260 ## - PUBLICATION, DISTRIBUTION, ETC. (IMPRINT)
Place of publication Washington, DC :
Name of publisher IOS Press in cooperation with NATO Public Diplomacy Division,
Year of publication c2007.
300 ## - PHYSICAL DESCRIPTION
Number of Pages 237 p. :
Other physical details ill.
490 0# - SERIES STATEMENT
Series statement Nato science for peace and security series. E, Human and societal dynamics ;
650 #0 - SUBJECT ADDED ENTRY--TOPICAL TERM
Topical Term National security
700 1# - ADDED ENTRY--PERSONAL NAME
Personal name Volten, Peter M. E.
Personal name Tashev, Blagovest,
856 40 - ELECTRONIC LOCATION AND ACCESS
Uniform Resource Identifier http://site.ebrary.com/lib/rucke/Doc?id=10196602

No items available.

© 2026 Rongo University
Contact us: librarian | system librarian | Rongo university